FADİŞ BEDİŞ EDİŞ II (Record no. 709446)

MARC details
000 -LEADER
sabit uzunluktaki kontrol alanı 00247nam a2200097Ia 4500
001 - KONTROL NUMARASI
kontrol alanı 709446
005 - EN SON İŞLEMİN TARİH VE ZAMANI
kontrol alanı 20250826162547.0
008 - SABİT-UZUNLUKTA VERİ ÖĞELERİ--GENEL BİLGİ
sabit uzunluktaki kontrol alanı 250824s9999 xx 000 0 und d
245 #0 - ESER / YAZAR
ESER ADI FADİŞ BEDİŞ EDİŞ II
Yazar Adı CAHİT UÇUK
260 ## - YAYIN, DAĞITIM, VB.
YAYIN EVİ BİLGE YAYINLARI
Holdings
Düşüm durumu Kayıp durumu Hasar Durumu Ödünç verilmez Ana kütüphane Geçerli Kütüphane Edinilen tarih Toplam ödünç verme sayısı Barkod Son görüntüleme tarihi Son ödünç verme tarihi Fiyatın geçerli olmaya başladığı tarih Koha materyal türü
        CAHİT ZARİFOĞLU İLKOKULU CAHİT ZARİFOĞLU İLKOKULU 24.08.2025 1 10272500 01.04.2026 25.03.2026 26.08.2025 Books